<?xml version="1.0" encoding="UTF-8"?>
<collection xmlns="http://www.loc.gov/MARC21/slim">
<record>
  <controlfield tag="001">155307</controlfield>
  <controlfield tag="005">20250516084456.0</controlfield>
  <datafield tag="037" ind1=" " ind2=" ">
    <subfield code="a">TAZ-TFG-2023-370</subfield>
  </datafield>
  <datafield tag="041" ind1=" " ind2=" ">
    <subfield code="a">spa</subfield>
  </datafield>
  <datafield tag="100" ind1="1" ind2=" ">
    <subfield code="a">Ramírez Santana, Claudia</subfield>
  </datafield>
  <datafield tag="242" ind1="0" ind2="0">
    <subfield code="a">ASSOCIATION BETWEEN VITAMIN D AND COMPLICATIONS DURING PREGNANCY IN THE SPANISH POPULATION: BIBLIOGRAPHIC REVIEW</subfield>
  </datafield>
  <datafield tag="245" ind1="0" ind2="0">
    <subfield code="a">RELACIÓN ENTRE LA VITAMINA D Y COMPLICACIONES DURANTE LA GESTACIÓN EN LA POBLACIÓN ESPAÑOLA: REVISIÓN BIBLIOGRÁFICA.</subfield>
  </datafield>
  <datafield tag="260" ind1=" " ind2=" ">
    <subfield code="a">Zaragoza</subfield>
    <subfield code="b">Universidad de Zaragoza</subfield>
    <subfield code="c">2023</subfield>
  </datafield>
  <datafield tag="506" ind1=" " ind2=" ">
    <subfield code="a">by-nc-sa</subfield>
    <subfield code="b">Creative Commons</subfield>
    <subfield code="c">3.0</subfield>
    <subfield code="u">http://creativecommons.org/licenses/by-nc-sa/3.0/</subfield>
  </datafield>
  <datafield tag="520" ind1=" " ind2=" ">
    <subfield code="a">INTRODUCCIÓN: La hipovitaminosis D (niveles séricos menores de 30 ngr/ml) es actualmente un problema de salud mundial. Esta vitamina liposoluble está relacionada con diversas funciones en el cuerpo humano como la homeostasis del calcio y el fosforo, y es de vital importancia durante la gestación. Numerosos artículos que establecen relación entre la vitamina y el desarrollo de diabetes gestacional, parto prematuro y preeclampsia.&lt;br />OBJETIVO: El objetivo principal es realizar una revisión bibliográfica sobre el impacto de la vitamina D en el embarazo y los objetivos secundarios son obtener los datos más significativos acerca del déficit de vitamina D durante el embarazo en relación con la preeclampsia, la diabetes mellitus gestacional y el parto prematuro, así como conocer los factores que predisponen a este déficit.&lt;br />METODOLOGÍA: Se realiza una búsqueda bibliográfica con la intención de obtener artículos científicos de distintas fuentes de información, en primarias (revistas de medicina y enfermería) y secundarias, entre ellas bases de datos (PubMed, Scopus, Web of Science, Dialnet, Alcorze), así como terciarias (tesis doctorales). Se aplican distintos filtros: artículos publicados en los últimos 5 años y artículos publicados en España, y escritos en español e inglés.&lt;br />DESARROLLO: La vitamina D tiene un papel importante en el embarazo: el calcidiol es capaz de atravesar la placenta y transformarse en un metabolito cuya función es ayudar a disminuir la inflamación de la placenta, contribuyendo a disminuir la aparición de preeclampsia, parto prematuro y diabetes gestacional. Los principales factores de riesgo a desarrollar hipovitaminosis D son la exposición a la luz solar, la etnia, el peso y la actividad física. Se demuestra relación entre la diabetes gestacional y el parto prematuro es mucho mayor que la relación con la preeclampsia.&lt;br />CONCLUSIÓN: Los factores de riesgo para desarrollar un déficit o una insuficiencia de VD en el embarazo es principalmente la exposición solar. Los niveles bajos de VD pueden estar relacionados con la DMG y el parto prematuro, pero no es suficiente para relacionarla con la preeclampsia.&lt;br />PALABRAS CLAVE: Déficit, vitamina D, embarazo, complicaciones embarazo, preeclampsia, diabetes gestacional, parto prematuro.&lt;br />&lt;br /></subfield>
  </datafield>
  <datafield tag="521" ind1=" " ind2=" ">
    <subfield code="a">Graduado en Enfermería</subfield>
  </datafield>
  <datafield tag="540" ind1=" " ind2=" ">
    <subfield code="a">Derechos regulados por licencia Creative Commons</subfield>
  </datafield>
  <datafield tag="700" ind1=" " ind2=" ">
    <subfield code="a">Orduna Onco, Ángel</subfield>
    <subfield code="e">dir.</subfield>
  </datafield>
  <datafield tag="710" ind1="2" ind2=" ">
    <subfield code="a">Universidad de Zaragoza</subfield>
    <subfield code="b"> </subfield>
    <subfield code="c"></subfield>
  </datafield>
  <datafield tag="856" ind1="0" ind2=" ">
    <subfield code="f">796136@unizar.es</subfield>
  </datafield>
  <datafield tag="856" ind1="4" ind2=" ">
    <subfield code="s">537346</subfield>
    <subfield code="u">http://zaguan.unizar.es/record/155307/files/TAZ-TFG-2023-370.pdf</subfield>
    <subfield code="y">Memoria (spa)</subfield>
  </datafield>
  <datafield tag="909" ind1="C" ind2="O">
    <subfield code="o">oai:zaguan.unizar.es:155307</subfield>
    <subfield code="p">driver</subfield>
    <subfield code="p">trabajos-fin-grado</subfield>
  </datafield>
  <datafield tag="950" ind1=" " ind2=" ">
    <subfield code="a"></subfield>
  </datafield>
  <datafield tag="980" ind1=" " ind2=" ">
    <subfield code="a">TAZ</subfield>
    <subfield code="b">TFG</subfield>
    <subfield code="c">ENFHUES</subfield>
  </datafield>
  <datafield tag="999" ind1=" " ind2=" ">
    <subfield code="a">20230414105204.CREATION_DATE</subfield>
  </datafield>
  <datafield tag="951" ind1=" " ind2=" ">
    <subfield code="a">deposita:2025-05-16</subfield>
  </datafield>
</record>
</collection>